000 00804cam a2200253 a 4500
001 16543550
005 20180227093717.0
008 101118s2012 mau bf 001 0 eng
010 _a 2010046268
020 _a9780205753703 (spiral)
020 _a0205753701 (spiral)
035 _a(OCoLC)ocn682896749
040 _aDLC
_cDLC
_dBTCTA
_dYDXCP
_dBWX
_dOKX
_dDLC
041 _aeng
080 _a808.51 BEE
082 0 0 _a808.51 BEE
_222
100 1 _a25
101 _aEDU
245 1 2 _aA concise public speaking handbook /
_cSteven A. Beebe, Susan J. Beebe.
504 _aIncludes bibliographical references and index.
906 _a7
_bcbc
_corignew
_d1
_eecip
_f20
_gy-gencatlg
942 _2ddc
_cBK
999 _c43660
_d43660